1823 1697 1811 1662 1061 1917 1106 1584 1530 1989 1375 1437 1845 1249 1250 1280 1544 1520 1122 1464 1344 1577 1104 1583 1886 1568 1569 1414 1684 1831 1189 1006 1088 1088 1709 1393 1933 1504 1130 1671 1658 1276 1243 1641 1354 1860 1582 1277 1392 1880 1917 1154 1243 1886 1745 1389 1796 1630 1355 1966 1741 1252 1691 1994 1894 1184 1146 1660 1997 1764 1102 1143 1818 1937 1043 1882 1727 1107 1663 1502 1974 1368 1024 1511 1574 1762 1427 1575 1678 1417 1413 1505 1433 1559 1714 1653 1747 1809 1049 BCNSPRNW ULIB Ver.6.0+V

เปลี่ยนเป็นภาษาไทย

Change to English
 แสดงรายละเอียดบรรณานุกรม
  กลับหน้าหลัก

Brief Record : Get Marc (ISO 2709) : E-mail record : QR code < ปิดหน้าต่าง
LEADER : 00000nam 2200000uu 4500
001    13399120332
003     ULIB
008    120918s2551||||th 000 0 tha d
020    ^a9745737887
060 04 ^aWO149^bว442ภ 2551
100 0  ^aวัลภา คุณทรงเกียรติ
245 10 ^aภาวะช็อคและการพยาบาล =^bShock and nursing care /^cวัลยาคุณทรงเกียรติ
246 31 ^aShock and nursing care
250    ^aพิมพ์ครั้งที่ 3
260    ^aชลบุรี :^bภาควิชาการพยาบาลอายุรศาสตร์และศัลยศาสตร์คณะพยาบาลศาสตร์ มหาวิทยาลัยบูรพา,^c2551
300    ^aช, 149 หน้า :^bภาพประกอบ ;^c27 ซม.
500 ตำ ^aราเล่มนี้ได้รับการสนับสนุนงบประมาณจากโครงการตำราคณะพยาบาลศาสตร์มหาวิทยาลัยบูรพา
650  7 ^aช็อค^xการพยาบาล
650  7 ^aภาวะฉุกเฉิน^xการพยาบาล
710 2  ^aมหาวิทยาลัยบูรพา.^bภาควิชาการพยาบาลอายุรศาสตร์และศัลยศาสตร์
945    ^p180^l0^i15958
945    ^p180^l0^i15957
995    ^aวิภา
999 ^a ใช้งานได้ทุกระบบ
รายการนี้ยังไม่มีแท็ก
คุณยังไม่ได้ล็อกอิน คุณสามารถมีกิจกรรมร่วมกับเว็บไซต์ได้ แต่ต้องล็อกอินก่อน ::
  ล็อกอิน

รายการสื่อสารสนเทศ

ลำดับที่ ประเภท เลขเรียก/บาร์โค้ด สถานที่ สถานะ
1. วิทยาศาสตร์การแพทย์ และสุขภาพ
วิทยาศาสตร์การแพทย์ และสุขภาพ
สถานะ=หนังสือเก่า
WO149 ว442ภ 2551  
  Barcode: 15958
ห้องสมุดวิทยาเขตสวรรค์ประชารักษ์
►ส่วนจัดเก็บหนังสือเก่า สปร
บนชั้น
  ขอยืม

รายการใกล้เคียง
    ผู้แต่ง [วัลภา คุณทรงเกียรติ]

BibComment


ยังไม่เคยถูกคอมเมนท์

คอมเมนท์ทรัพยากรรายการนี้
  คอมเมนท์: ภาวะช็อคและการพย..


 Copyright 2026. Bcnsprnw @Library